00386 a2200109 4500001001000000005001700010008004100027245008300068100002500151700001900176773008100195ART_2831020260410161855.0260409a 10aLa gestión de los conflictos en las organizaciones de salud: hora de innovar1 aAizenberg, Marisa S.1 aDíaz, Ana I.0 tDerecho privadogDerecho a la salud - Año III, Nº 9 (dic. 2014)wREV10455